000 00422nam a22001217a 4500
999 _c3449
_d3449
005 20201202110842.0
008 201202b ||||| |||| 00| 0 eng d
020 _a1557667985
040 _cCML
245 _aTeaching Language Arts, Math, and Science to Students with Significant Cognitive Disabilities.
_cBrowder D.M.
260 _aMaryland
_bPaul H. Bookes
_c2006
942 _2ddc
_cBK
_e1st Edition
_h371
_mBRO